Responses for Show #6589 - Thursday, April 18, 2013

Contestants

[<< previous game]

Darren Abernethy, a telecommunications attorney from Washington, D.C.

Judy Arginteanu, a freelance writer and editor from Minneapolis, Minnesota

Michelle Martin, a journalist from Chicago, Illinois (whose 1-day cash winnings total $24,800)

[next game &gt;&gt;]

Jeopardy! Round responses

MINNE-CODA
LESSER-KNOWN FAITHS
THE EMMY FOR...
THEY RAN FOR PRESIDENT
BEASTLY COMMON BONDS
PORTMANTEAUS
    $200 3
(Lake) Superior

Darren
    $200 1
the Jedi

Judy
    $200 26
(Michelle: Who is Raymond?)

(Ray) Romano

MichelleDarren
    $200 9
Jerry Brown

Judy
    $200 12
horse

Judy
    $200 21
Oxford and Cambridge

Judy
    $400 4
(Darren: What is Laverne & Shirley?)

The Mary Tyler Moore Show

JudyDarren
    $400 2
(Michelle: What is pasta?)
(Alex: I need more than that.)

pastafarian

MichelleJudy
    $400 27
(Edie) Falco

Darren
    $400 10
Robert Dole

Judy
    $400 17
shark

Judy
    $400 22
flirting

Michelle
    $600 5
Lake Wobegon

Judy
    $600 8
The Big Lebowski

Darren
    $600 28
Arrested Development

Darren
    $600 11
Ralph Nader

Michelle
    $600 18
(Darren: What is an ox?)

deer

JudyDarren
    $1,000 23
a telethon

Michelle
    $800 6
Hubert H. Humphrey

Judy
    $800 15
(Robert) Heinlein

Judy
    $800 29
(Michelle: Who is Tina Fey?)

Julianne Moore

Michelle
Triple Stumper
    $800 13
(Ross) Perot

Darren
    $800 19
monkey

Michelle
    $800 24
sexting

Michelle
    $1000 7
The Red River of the North

Judy
    $1000 16
V

Judy
    $1000 30
(Kelsey) Grammer

Darren
    $1000 14
(Darren: Who is Willkie?)

(Thomas) Dewey

JudyDarren
    $1000 20
lizard

Michelle
    $1000 25
stagflation

Michelle

Scores at the first commercial break (after clue 14):

Michelle Judy Darren
$200 $5,200 $200

Scores at the end of the Jeopardy! Round:

Michelle Judy Darren
$4,200 $8,200 $1,800

Double Jeopardy! Round responses

AUTHORS AGAINST ADAPTATIONS
12-LETTER WORDS
SIGNS & SYMBOLS
VWLLSS AFRICAN COUNTRIES
FAMOUS NAMES
PORTMAN TOES
    $400 1
Anne Rice

Michelle
    $400 24
cockleshells

Michelle
    $400 11
slippery when wet

Michelle
    $400 16
Liberia

Michelle
    $400 6
Mother Teresa

Michelle
    $400 21
Black Swan

Darren
    $800 2
J. D. Salinger

Michelle
    $800 25
endangerment

Darren
    $800 12
peacock

Judy
    $800 17
Uganda

Michelle
    $800 7
Sandra Day O'Connor

Darren
    $800 22
pregnant

Judy
    $1200 3
(Stephen) King

Judy
    $1200 26
Egyptologist

Darren
    $1200 13
accent grave

Judy
    $1200 18
Namibia

Michelle
    $1200 8
Damon

Michelle
    $1200 23
vegan

Michelle
    $2,000 4
Forrest Gump

Judy
    $1600 27
glockenspiel

Judy
    $3,000 14
luxury tax

Judy
    $1600 19
Angola

Judy
    $1600 9
(Alan) Simpson

Judy
    $2000 5
(Judy: What is Psycho?)
(Michelle: What is Werewolf?)

American Psycho

MichelleJudy
Triple Stumper
    $2000 28
(Michelle: What is fence-sitting?)
...
[End-of-round signal sounds]

noncommittal

Michelle
Triple Stumper
    $2000 15
(Darren: What is...)

Saturn

Darren
Triple Stumper
    $2000 20
Algeria

Michelle
    $2000 10
Meyer Lansky

Triple Stumper

Scores at the end of the Double Jeopardy! Round:

Michelle Judy Darren
$9,400 $20,000 $3,000
(lock game)

[wagering suggestions for these scores]

Final Jeopardy! Round responses

WORLD LEADERS
DarrenWho is Bhutto
$0
MichelleWho is Benazir Bhutto?
$3,399
JudyWho is Benazir Bhutto?
$1,000
Benazir Bhutto

Final scores:

Michelle Judy Darren
$12,799 $21,000 $3,000
2nd place: $2,000 New champion: $21,000 3rd place: $1,000

Game dynamics:

Coryat scores:

Michelle Judy Darren
$9,000 $18,200 $3,000
18 R
(including 1 DD),
5 W
24 R
(including 2 DDs),
1 W
11 R,
4 W

Combined Coryat: $30,200

[game clues] [game scores] [suggest correction]

Game tape date: 2012-12-04
The J! Archive is created by fans, for fans. Scraping, republication, monetization, and malicious use prohibited; this site may use cookies and collect identifying information. See terms. The Jeopardy! game show and all elements thereof, including but not limited to copyright and trademark thereto, are the property of Jeopardy Productions, Inc. and are protected under law. This website is not affiliated with, sponsored by, or operated by Jeopardy Productions, Inc. Join the discussion at JBoard.tv.